000 00606nam a2200241 a 4500
001 nice12345678
003 IN_TiNIC
005 20260116011317.0
008 050524s1969 mada grp 000 0 eng
020 _a
_c10
082 0 0 _a016.230
_bBAA
100 _aBaago, Kaj
245 _aBibliography
_b Library of Indian Christian Theology
260 _aMadras
_bChristian Literature Society
_c1969
300 _a102p
500 _aincludes index and biblioraphy
505 2 _aindex
650 _aBibliography-Christianity
700 1 _aBaago, Kaj
902 _bSRS
942 _cBK
999 _c396
_d396